01820 a2200193 4500001000500000005001700005008004100022003001500063040004000078080010400118245008000222020002200302250001200324264003300336300002500369505105200394100002401446856015601470240220260407155423.0260407a2008 arg spa dAR-UNSa-BCEJYS aAR-UNSa-BCEJYSbspacAR-UNSa-BCEJYS a351.72xFinanzas públicas. Legislación (Contabilidad Pública, Administración financiera...)10aRégimen jurídico de la gestión y del control en la hacienda pública a978-987-03-1286-4 a3a. ed. 1aBuenos Aires :bLa Leyc2008 axxix, 958 p.c25 cm. a1. La contabilidad pública - 2. La hacienda pública - 3. Organización de la hacienda del Estado - 4. Principales disposiciones legales y reglamentarias: reseña histórica - 5. El presupuesto como instrumento de contabilidad preventiva - 6. El presupuesto financiero - 7. Ejecución del presupuesto en lo relativo a gastos - 8. Ejecución del presupuesto en lo relativo a recursos - 9. Clausura del ejercicio del presupuesto - 10. El servicio del tesoro - 11. La gestión patrimonial - 12. Contratos del Estado - 13. Contrato de suministros - 14. Contrato de obra pública - 15. Trabajos y obras por administración - 16. Administración militar - 17. Registro contable de las operaciones - 18. La descentralización administrativa institucional - 19. El control de la actividad de las haciendas anexas - 20. Los responsables - 21. La vigilancia administrativa de la responsabilidad - 22. La declaración administrativa de la responsabilidad - 23. Control concomitante - 24. Control ulterior - 25. Haciendas conexas o paraestatales1 aAtchabahian, Adolfo41uhttps://biblioeco.unsa.edu.ar/pmb/images/libros/Regimen Juridico de la Gestion y del Control en la Hacienda Publica2.jpgyImagen de portadaqimage/jpeg